Biblioteca

The concept of biblical theology : (Registro nro. 67571)

Detalles MARC
000 -LÍDER
Campo fijo de descripción fija 02397cam a2200337 i 4500
001 - NÚMERO DE CONTROL
Campo de control 768714001
003 - IDENTIFICADOR DEL NÚMERO DE CONTROL
Campo de control CO-MdFUSB
005 - FECHA Y HORA DE LA ULTIMA TRANSACCIÓN
control field 20220406095747.0
007 - CAMPO FIJO DE DESCRIPCIÓN FIJA--INFORMACIÓN GENERAL
Campo fijo de descripción fija ta
008 - ELEMENTOS DE LONGITUD FIJA -- INFORMACIÓN GENERAL
Campo fijo de descripción fija -- Información general 990218t1999 mnu b 001 0 eng
010 ## - NÚMERO DE CONTROL DE LA BIBLIOTECA DEL CONGRESO
Número de control LC 0800631919
040 ## - FUENTE DE CATALOGACIÓN
Agencia de catalogación original DLC
Idioma de catalogación eng
Agencia que realiza la transcripción CO-MdFUSB
Agencia que realiza la modificación BAKER
-- HNW
-- IG#
-- BTCTA
-- YDXCP
-- DEBBG
-- BDX
-- OCLCQ
-- FPD
Convenciones de la descripción rda
041 ## - CÓDIGO DE IDIOMA
Código de idioma para texto/pista de sonido o título separado eng
042 ## - AUTHENTICATION CODE
Authentication code pcc
082 ## - NÚMERO DE CLASIFICACIÓN DECIMAL DEWEY
Número de la edición del Dewey 23
Número de clasificación 230.0411
Clave de autor-Numero de item B268
100 1# - ASIENTO PRINCIPAL--NOMBRE PERSONAL
Nombre personal Barr, James,
Fechas asociadas con el nombre 1924-2006.
Término relacionador autor
245 14 - TÍTULO
Título del Material The concept of biblical theology :
Parte restante del título - Subtitulo an Old Testament perspective /
Mención de responsabilidad, etc. James Barr.
264 #1 - PRODUCCIÓN, PUBLICACIÓN, DISTRIBUCIÓN, MANUFACTURA, Y COPYRIGHT
Lugar de producción, publicación, distribución, manufactura Minneapolis, MN :
Nombre del productor, publicador, distribuidor Fortress Press,
Fecha de producción, publicación, distribución, manufactura, o copyright [1999]
264 #4 - PRODUCCIÓN, PUBLICACIÓN, DISTRIBUCIÓN, MANUFACTURA, Y COPYRIGHT
Fecha de producción, publicación, distribución, manufactura, o copyright © 1999
300 ## - DESCRIPCIÓN FÍSICA
Extensión 715 páginas ;
Dimensiones 25 cm.
336 ## - TIPO DE CONTENIDO
Término de tipo de contenido texto
Código de tipo de contenido txt
Fuente rdacontent.
337 ## - TIPO DE MEDIO
Nombre del tipo de medio sin mediación
Código del tipo de medio n
Fuente rdamedia.
338 ## - TIPO DE SOPORTE
Nombre del tipo de soporte volumen
Código Tipo de soporte nc
Fuente rdacarrier.
504 ## - NOTA DE BIBLIOGRAFÍA, ETC.
Nota de bibliografía, etc Incluye referencias bibliográficas (páginas 610-640) e índices.
505 ## - NOTA DE CONTENIDO
Nota de contenido con formato preestablecido Definiciones: las muchas caras de la teología bíblica -- Los orígenes de la teología moderna del Antiguo Testamento -- Una tipología de las teologías del Antiguo Testamento -- Un espectro más amplio -- Diferencia con la teología doctrinal -- Diferencia con el estudio no teológico -- Evolución y anti- evolucionismo -- Diferencia con la historia de la religión -- Diferencia en el tamaño de los complejos -- Diferencia en la forma de pensar: filosofía y teología natural -- Conexiones con el Nuevo Testamento -- Evaluación, compromiso, objetividad -- Teología histórica -- una posible analogia? -- Oposición a la teología bíblica -- Teología 'real' y teología bíblica -- ¿'Cristianización' del Antiguo Testamento? -- El judaísmo después de los tiempos bíblicos -- ¿Teología bíblica judía? -- Algunas teologías de la década de 1970 -- Una mirada a la tradición más antigua -- Historia y teología bíblica -- Gese y la unidad de la teología bíblica -- El enfoque canónico : primera etapa -- Las teologías de Childs -- Otras posibilidades canónicas -- Algunas teologías recientes -- Teología natural dentro de la teología bíblica -- Oeming -- Mildenberger -- Räisänen -- Brueggemann -- Libros apócrifos y otros libros no canónicos -- La distribución de recursos y la teología panbíblica -- David Brown.
563 ## - NOTA DE ENCUADERNACIÓN
Nota de encuadernación Pasta dura
630 #7 - TITULO UNIFORME
Título uniforme Biblia.
Nombre de parte o sección de la obra Antiguo Testamento
Subdivisión de materia general Teología
942 ## - TIPO DE MATERIAL (KOHA)
Tipo de Item KOHA Libros General
945 ## - INFORMACIÓN LOCAL DEL REGISTRO
Catalogador JTF-925
Existencias
Estado de Material Estado de Perdido Forma de Clasificación Estado de Dañado No para Préstamo Colección Biblioteca de Origen Biblioteca Permanente Fecha de Adquisición Área Total de Préstamos Signatura Topográfica Código de Barras Última vez visto Ejemplar/Existencia Fecha de Remplazo Tipo de Material
    Dewey Decimal Classification     Colección General Biblioteca FUSBC Biblioteca FUSBC 28/03/2022 TEOLOGÍA CRISTIANA   G 230.0411 B268c 21742 22/02/2023 Ej.1 28/03/2022 Libros General

Biblioteca FUSBC | Teléfono: (57+4) 349 88 10 Ext. 141| WhatsApp (+57) 3005338115 
E-mail: biblioteca@unisbc.edu.co | Calle 76 87-14 Robledo Palenque, Medellín, Colombia

Con tecnología Koha